Name the western countries of the world - Statistics

General Stats
  • This quiz has been taken 32 times
  • The average score is 26 of 34
Answer Stats
Continent Answer % Correct
Oceania Australia
100%
America Canada
100%
Oceania New Zealand
100%
America USA
100%
Europe Belgium
87%
Europe France
87%
Europe Portugal
87%
Europe Spain
87%
Europe Austria
83%
Europe Finland
83%
Europe Ireland
83%
Europe Italy
83%
Europe Netherlands
83%
Europe Poland
83%
Europe Sweden
83%
Europe Denmark
78%
Europe Germany
78%
Europe Greece
78%
Europe Norway
78%
Europe Switzerland
78%
Europe Czech Republic
74%
Europe Hungary
74%
Europe Iceland
74%
Europe Latvia
74%
Europe Lithuania
74%
Europe Luxemburg
74%
Europe Romania
74%
Europe Slovakia
74%
Europe Slovenia
74%
Europe Croatia
70%
Europe Estonia
70%
Europe Malta
61%
Europe Bulgaria
57%
Europe Republic of Cyprus
0%
No matching quizzes found
Score Distribution
Percent of People with Each Score
Percentile by Number Answered
Your Score History
You have not taken this quiz